000 00596nam a2200169 i 4500
001 27106
003 ES-MaACL
005 20230906153547.0
007 t|
008 030113s1951 sp ||||1| spa d
110 1 _aMadrid.
_bAyuntamiento
_9234069
245 1 0 _aPresupuesto Ordinario especial de gastos e ingresos del Ensanche para el año 1951 /
_caprobado por el Ayuntamiento de Madrid.
260 _aMadrid :
_bSección de Cultura e Información,
_c1951 (
_fArtes Gráficas Municipales)
300 _aXXIII, 218 p. ;
_c33 cm.
852 _aES-MaACL
_jD-7028
_bR.31411
999 _c27106
_d27106